[Event "Bern op"]
[Site "Bern"]
[Date "1994.??.??"]
[Round "7"]
[White "Milov, Leonid"]
[Black "Tukmakov, Vladimir B"]
[Result "1-0"]
[WhiteElo "2510"]
[BlackElo "2570"]

1.e4 c5 2.Nf3 d6 3.d4 cxd4 4.Nxd4 Nf6 5.Nc3 Nc6 6.Bg5 e6 7.Bb5 Bd7 8.Bxc6 bxc6
9.Qf3 h6 10.Bh4 Qb6 11.Nb3 Be7 12.e5 dxe5 13.O-O-O Qb4 14.Bg3 e4 15.Qe2 c5
16.a3 Qb6 17.Be5 Bc6 18.h4 h5 19.Nd2 O-O 20.Ndxe4 Rab8 21.b3 Qa5 22.Nxf6+ Bxf6
23.Bxf6 Qxa3+ 24.Kb1 gxf6 25.Rh3 Rfd8 26.Qxh5 Kf8 27.Rhd3 Rxd3 28.Qh8+ Ke7
29.Qxb8 Rxd1+ 30.Nxd1 Bxg2 31.Qc7+ Kf8 32.Qb8+ Ke7 33.Qc7+ Kf8 34.Qd6+ Ke8
35.Ne3 Be4 36.Qb8+ Kd7 37.Nc4 Qa6 38.Qf8 Bg6 39.Qxc5 e5 40.Kb2 Ke6 41.Qc7 Kf5
42.Qd7+ Qe6 43.Qd1 e4 44.h5 Bh7 45.Qg1  1-0

[Event "Biel op"]
[Site "Biel"]
[Date "1994.??.??"]
[Round "1"]
[White "Tejero, Jorge"]
[Black "Tukmakov, Vladimir B"]
[Result "0-1"]
[WhiteElo "2290"]
[BlackElo "2565"]

1.e4 c5 2.Nf3 d6 3.d4 cxd4 4.Nxd4 Nf6 5.Nc3 Nc6 6.Bg5 e6 7.Qd2 a6 8.O-O-O Bd7
9.f4 h6 10.Bxf6 Qxf6 11.Nxc6 Bxc6 12.Bc4 O-O-O 13.Qe3 Re8 14.Kb1 Kb8 15.e5 dxe5
16.fxe5 Qg5 17.Qb6 Qxe5 18.Bxa6 Bc5 19.Qb3 Rd8 20.Rde1 Qc7 21.Re2 Rd4 22.a3 Rg4
23.Rhe1 Rxg2 24.Rxg2 Bxg2 25.Ne4 Bb6 26.Bf1 Bxf1 27.Rxf1 Rd8 28.c4 Bd4 29.Nc3 Bxc3
30.Qxc3 f6 31.h3 e5 32.Re1 Qd7 33.Ka2 Qd2 34.Qg3 Rd7 35.Re3 Qd4 36.Rc3 f5
37.Qg6 f4 38.Qf5 Ka7 39.Qf8 Qd6 40.Qf5 g5 41.Rb3 Re7 42.Rb5 Qc6 43.Ra5+ Kb8
44.Rxe5 Qxc4+ 45.b3 Qf7 46.Qe4 Rxe5 47.Qxe5+ Qc7 48.Qe8+ Qc8 49.Qe5+ Qc7
50.Qe8+ Ka7 51.Qa4+ Kb6 52.Qb4+ Ka6 53.Qa4+ Qa5 54.Qd4 Qb5 55.a4 Qe2+ 56.Ka3 Qe7+
57.Ka2 Qe2+ 58.Ka3 Qe3 59.Qd5 Qc3 60.Qd8 f3 61.Qa8+ Kb6 62.Qd8+ Ka7 63.a5 Qe3
64.Qf6 f2 65.Ka2 Qd2+  0-1

[Event "Biel op"]
[Site "Biel"]
[Date "1994.??.??"]
[Round "5"]
[White "Stisis, Yaacov"]
[Black "Kelecevic, Nedeljko"]
[Result "1-0"]
[WhiteElo "2365"]
[BlackElo "2460"]

1.e4 c5 2.Nf3 Nc6 3.d4 cxd4 4.Nxd4 Nf6 5.Nc3 d6 6.Bg5 e6 7.Qd2 a6 8.O-O-O Bd7
9.f3 b5 10.Kb1 Qa5 11.Nxc6 Bxc6 12.Bd3 Be7 13.Rhe1 Rc8 14.Bxf6 gxf6 15.f4 h5
16.f5 b4 17.Ne2 e5 18.Nc1 Qb6 19.Bc4 a5 20.Bd5 Ba4 21.Nb3 Bd8 22.Re3 h4 23.Rh3 Ke7
24.g3 Qb8 25.Rxh4 Rxh4 26.gxh4 Bb6 27.h5 Qc7 28.Rc1 Qa7 29.Re1 Rh8 30.h6 Be8
31.Nc1 Rh7 32.Bc4 Bc6 33.Qg2 Qb8 34.Rd1 Qf8 35.Qd2 Bc7 36.Nb3 Qxh6 37.Nxa5 Bxe4
38.Qxb4 Qxh2 39.Bd3 Qh1 40.Rc1 Ba8 41.a4 Qh4 42.Qc3 Bb6 43.Nc6+ Kf8 44.Nxe5 fxe5
45.f6 Qxf6 46.Qc8+ Qd8 47.Qxd8+ Bxd8 48.Bxh7 Kg7 49.Bf5 Kf6 50.Bc8 e4 51.Rf1+ Ke7
52.b4 d5 53.a5 Bc6 54.Rf5 f6 55.Kc1 Bc7 56.Ba6 Ke6 57.Rf1 Bd7 58.Be2 f5 59.Rh1 Bf4+
60.Kd1 Kd6 61.b5 Be3 62.b6 Bc6 63.Rh8 Kc5 64.Ba6 Kb4 65.b7 Bf4 66.b8=Q+ Bxb8
67.Rxb8+ Kxa5 68.Bb7  1-0

[Event "Biel op"]
[Site "Biel"]
[Date "1994.??.??"]
[Round "8"]
[White "Van Riemsdijk, Herman C"]
[Black "Weindl, Alfred"]
[Result "0-1"]
[WhiteElo "2420"]
[BlackElo "2355"]

1.e4 c5 2.Nf3 Nc6 3.d4 cxd4 4.Nxd4 Nf6 5.Nc3 d6 6.Bg5 Bd7 7.Be2 Qa5 8.Bxf6 gxf6
9.O-O Nxd4 10.Qxd4 Rc8 11.Nd5 Qc5 12.Qd2 Bg7 13.c4 e6 14.b4 Qc6 15.Qe3 Kf8
16.Nf4 Qb6 17.Qf3 Qxb4 18.Rab1 Qc5 19.Rxb7 Bc6 20.Rbb1 Qe5 21.Bd3 h5 22.Rfe1 Qg5
23.Nh3 Qc5 24.Qd1 Bh6 25.Kh1 Ke7 26.Bf1 Rb8 27.Qd3 Rb6 28.Rb3 Rhb8 29.Reb1 Qe5
30.f3 Qc5 31.f4 a5 32.Be2 a4 33.Rxb6 Rxb6 34.Rxb6 Qxb6 35.Bf3 e5 36.fxe5 fxe5
37.Ng1 Qd4 38.Qxd4 exd4 39.Ne2 Be3 40.Ng3 Ke6 41.Bxh5 Bf2 42.Bd1 Bxg3 43.hxg3 Ke5
44.Kg1 d3 45.Kf2 Kd4 46.a3 Kxc4 47.Ke3 Kc3 48.g4 f6 49.Kf4 Kb2 50.Ke3 Kc3
51.g3 Bd7 52.Kf4 Kd2 53.Bf3 Be6 54.g5 fxg5+ 55.Kxg5 Ke3 56.Bh5 d2 57.Kf6 Bc4
58.Bd1 Bb3 59.Bh5 Kxe4  0-1

[Event "Wch Seniors"]
[Site "Biel"]
[Date "1994.??.??"]
[Round "9"]
[White "Semasev, Kim"]
[Black "Vasiukov, Evgeni"]
[Result "0-1"]
[WhiteElo "2330"]
[BlackElo "2500"]

1.e4 c5 2.Nf3 Nc6 3.d4 cxd4 4.Nxd4 Nf6 5.Nc3 d6 6.Bg5 Qb6 7.Nb3 e6 8.Qd2 a6
9.O-O-O Be7 10.Be3 Qc7 11.f4 O-O 12.Bd3 b5 13.a3 Rb8 14.Qe2 b4 15.axb4 Nxb4
16.g4 Nxd3+ 17.Qxd3 d5 18.exd5 Bb7 19.Rhf1 Nxd5 20.Bd2 Nb4 21.Qe2 Bd5 22.f5 Bc4
23.Bf4 Bxe2 24.Bxc7 Bxd1 25.Bxb8 Bxc2 26.f6 gxf6  0-1

[Event "Biel op"]
[Site "Biel"]
[Date "1994.??.??"]
[Round "11"]
[White "Kurniawan, Bobby"]
[Black "Siegel, Georg"]
[Result "0-1"]
[WhiteElo "2295"]
[BlackElo "2385"]

1.e4 c5 2.Nf3 d6 3.d4 cxd4 4.Nxd4 Nf6 5.Nc3 Nc6 6.Bg5 e6 7.Qd2 a6 8.O-O-O h6
9.Be3 Qc7 10.Nb3 Be7 11.f3 Ne5 12.Qf2 b5 13.g4 Bd7 14.h4 b4 15.Nb1 Bc6 16.Rg1 h5
17.gxh5 Nxh5 18.f4 Nd7 19.f5 e5 20.N3d2 Kf8 21.Bd3 Ndf6 22.Nc4 Bb5 23.Nb6 Rb8
24.Bxb5 axb5 25.Nd5 Qc4 26.Nxe7 Kxe7 27.Bg5 Rhc8 28.Qd2 Rc6 29.Rge1 Rbc8
30.Re2 Ng3 31.Rh2 Nxe4 32.Qg2 Nxg5 33.hxg5 Ng4 34.f6+ gxf6 35.gxf6+ Kd7  0-1

[Event "GER-ch"]
[Site "Binz"]
[Date "1994.??.??"]
[Round "3"]
[White "Mainka, Romuald"]
[Black "Schlosser, Philipp"]
[Result "1-0"]
[WhiteElo "2485"]
[BlackElo "2510"]

1.e4 c5 2.Nf3 Nc6 3.d4 cxd4 4.Nxd4 Nf6 5.Nc3 d6 6.Bg5 e6 7.Qd2 a6 8.O-O-O h6
9.Be3 Qc7 10.f3 Rb8 11.Kb1 Bd7 12.g4 Ne5 13.Bd3 b5 14.Rhe1 b4 15.Nce2 d5
16.Bf4 dxe4 17.Bxe4 Nxe4 18.fxe4 Rc8 19.Bxe5 Qxe5 20.Nf4 Bc5 21.Nf3 Qc7 22.Nh5 Rg8
23.Nd4 Bxd4 24.Qxd4 e5 25.Qg1 Qxc2+ 26.Ka1 Qc5 27.Qg2 Ke7 28.g5 hxg5 29.Qxg5+ f6
30.Qg2 Be6 31.Nxg7 Qc4 32.b3 Qc3+ 33.Kb1 Qh3 34.Qg1 Bxb3 35.Nf5+ Kf8 36.Rd8+  1-0

[Event "GER-ch"]
[Site "Binz"]
[Date "1994.??.??"]
[Round "7"]
[White "Mainka, Romuald"]
[Black "Lagunow, Alexander"]
[Result "1/2-1/2"]
[WhiteElo "2485"]
[BlackElo "2405"]

1.e4 c5 2.Nf3 d6 3.d4 cxd4 4.Nxd4 Nf6 5.Nc3 Nc6 6.Bg5 e6 7.Qd2 a6 8.O-O-O h6
9.Be3 Be7 10.f3 Nxd4 11.Bxd4 b5 12.Kb1 Rb8 13.Qe1 Qa5 14.Ba7 Rb7 15.Be3 b4
16.Ne2 e5 17.Nc1 Be6 18.g4 Nd7 19.h4 Qa4 20.Rg1 O-O 21.g5 h5 22.g6 Rc8 23.gxf7+ Bxf7
24.Rd2 Nc5 25.Bh3 Rcc7 26.Bf5 Bf8 27.Qg3 Ne6 28.Qh3 Qe8 29.Rdg2 a5 30.Bg6 Bxg6
31.Rxg6 Nf4 32.Bxf4 exf4 33.Nd3 Rf7 34.R6g5 Rb5 35.Rxb5 Qxb5 36.Qe6 Qb6 37.Re1 Qd4
38.e5 Be7 39.b3 Bxh4 40.Rh1 Be7 41.Qg6 h4 42.Qe6 Qe3 43.Qd5 h3 44.exd6 Bxd6
45.Rxh3 Qg1+ 46.Kb2 Qb6 47.Rh1 g6 48.Re1 Kg7 49.Kb1 Re7 50.Rh1 Qc7 51.Qa8 Qb8
52.Qd5 Qc7 53.Qg5 Re2 54.Qh6+ Kf7 55.Qh7+ Kf6 56.Qh8+ Kf5 57.Rc1 Be5 58.Qe8 Qc3
59.Nxe5 Qxe5 60.Qd7+ Kf6 61.Qd8+ Kg7 62.Qd7+ Kf6 63.Qd8+ Kg7  1/2-1/2

[Event "Bled op (Women)"]
[Site "Bled"]
[Date "1994.??.??"]
[Round "?"]
[White "Medunova, Vera"]
[Black "Grabics, Monika"]
[Result "0-1"]
[WhiteElo "2120"]
[BlackElo "2295"]

1.e4 c5 2.Nf3 Nc6 3.d4 cxd4 4.Nxd4 Nf6 5.Nc3 d6 6.Bg5 e6 7.Bb5 Bd7 8.Bxc6 bxc6
9.Qf3 h6 10.Bh4 c5 11.Nb3 Be7 12.e5 dxe5 13.Bxf6 gxf6 14.O-O-O Rc8 15.Ne4 f5
16.Nd6+ Bxd6 17.Rxd6 c4 18.Rhd1 cxb3 19.Rxd7 Qg5+ 20.Qe3 Qxe3+ 21.fxe3 Rxc2+
22.Kb1 O-O 23.R1d2 Rxd2 24.Rxd2 bxa2+ 25.Kxa2 Rc8 26.Kb3 Rc7 27.Kb4 f4 28.exf4 exf4
29.Re2 Kg7 30.Kb5 Kf6 31.b4 e5 32.Ka6 Kf5 33.b5 e4 34.Ra2 e3 35.Rb2 Re7  0-1

[Event "Bled op (Women)"]
[Site "Bled"]
[Date "1994.??.??"]
[Round "?"]
[White "Medunova, Vera"]
[Black "Prudnikova, Svetlana"]
[Result "0-1"]
[WhiteElo "2120"]
[BlackElo "2390"]

1.e4 c5 2.Nf3 Nc6 3.d4 cxd4 4.Nxd4 Nf6 5.Nc3 d6 6.Bg5 e6 7.Bb5 Bd7 8.Bxc6 bxc6
9.Qf3 c5 10.Nb3 c4 11.Nd4 h6 12.Bh4 Rb8 13.O-O-O Qb6 14.Bxf6 gxf6 15.Qxf6 Rg8
16.Nf5 Rg6 17.Qh8 Qxb2+ 18.Kd2 Qb6 19.Rb1 Qxf2+ 20.Ne2 Rb6 21.Ne3 Qf6 22.Qxf6 Rxf6
23.Rxb6 axb6 24.Nxc4 b5 25.e5 dxe5 26.Nxe5 Rf2 27.g3 Bc8 28.h4 Rf5 29.Nd3 h5
30.Rb1 Bh6+ 31.Ke1 Bd7 32.Nd4 Rd5 33.Ne2 Rf5 34.Nd4 Rd5 35.Ne2 Ke7 36.Nc3 Rf5
37.Ke2 Bg7 38.Ne4 Bd4 39.Nf4 Bc6 40.Ng5 e5 41.Nd3 f6 42.Nh3 Rf3 43.Nb4 Be4
44.Rb3 Rf5 45.Nd3 Bf3+ 46.Ke1 Bg2 47.Ndf2 Bc6 48.Nd3 Bg2 49.Ndf2 b4 50.Ke2 Bc3
51.Rb1 Bf3+ 52.Kd3 Bd5 53.Rd1 Bd4 54.Nf4 Bf3 55.Rf1 Bc6 56.N2h3 Bb5+ 57.Ke4 Bxf1
58.Kxf5 exf4 59.Nxf4 Bc4 60.Nxh5 Bxa2 61.Ke4 Be5 62.Kd3 Bf7 63.Ng7 Bg6+ 64.Kc4 Kf7
65.h5 Bxc2 66.h6 b3  0-1

[Event "Bled op (Women)"]
[Site "Bled"]
[Date "1994.??.??"]
[Round "?"]
[White "Koglin, Anke"]
[Black "Grosar, Kiti"]
[Result "1-0"]
[WhiteElo "2200"]
[BlackElo "2160"]

1.e4 c5 2.Nf3 d6 3.d4 cxd4 4.Nxd4 Nf6 5.Nc3 Nc6 6.Bg5 Bd7 7.Qd2 Rc8 8.O-O-O Qa5
9.Nb3 Qd8 10.f4 a6 11.Kb1 b5 12.Bd3 e6 13.Bxf6 gxf6 14.Qe3 Qc7 15.Rhf1 Nb4
16.f5 Nxd3 17.cxd3 b4 18.Ne2 e5 19.Rc1 Qb8 20.Rxc8+ Bxc8 21.Na5 Bd7 22.Nc4 Bb5
23.Nc1 h5 24.Nb3 Bh6 25.Qe2 Bxc4 26.dxc4 Qc7 27.c5 dxc5 28.Qxa6 Ke7 29.Qc4 Be3
30.Rd1 Rd8 31.Rxd8 Qxd8 32.Kc2 Qd6 33.Qd3 Bd4 34.Nd2 Qc6 35.Kb3 h4 36.Qc4 Be3
37.Nf3 Qd6 38.Kc2 Bg5 39.Qd3 Qc6 40.Kb3 Bf4 41.h3 Bg3 42.Nd2 Bf2 43.Nc4 Bg3
44.Ne3 Bf4 45.Nd5+ Kf8 46.Qc4 Qd6 47.Qb5 Bg5 48.Kc4 Be3 49.Qb6 Qxb6 50.Nxb6 Bd4
51.b3 Ke7 52.Kd5  1-0

[Event "Bucharest-B"]
[Site "Bucharest"]
[Date "1994.??.??"]
[Round "?"]
[White "Munteanu, Alexandru"]
[Black "Podgurkii, Stepan"]
[Result "1-0"]
[WhiteElo "2325"]
[BlackElo "2250"]

1.e4 c5 2.Nf3 Nc6 3.d4 cxd4 4.Nxd4 Nf6 5.Nc3 d6 6.Bg5 e6 7.Qd2 a6 8.O-O-O h6
9.Be3 Be7 10.f3 Bd7 11.g4 Nxd4 12.Bxd4 e5 13.Be3 Be6 14.h4 Rc8 15.g5 hxg5
16.hxg5 Rxh1 17.gxf6 Rxf1 18.Rxf1 Bxf6 19.Rh1 g6 20.Bg5 Kd7 21.f4 Kc7 22.Rd1 exf4
23.Bxf6 Qd7 24.Qxf4 Qc6 25.Rxd6 Qxd6 26.Be5 Rd8 27.Bxd6+ Rxd6 28.Nd5+ Kc6
29.c4  1-0

[Event "Bucharest-B"]
[Site "Bucharest"]
[Date "1994.??.??"]
[Round "?"]
[White "Moldovan, Daniel"]
[Black "Bets, Anatolij"]
[Result "1/2-1/2"]
[WhiteElo "2405"]
[BlackElo "2405"]

1.e4 c5 2.Nf3 d6 3.d4 cxd4 4.Nxd4 Nf6 5.Nc3 Nc6 6.Bg5 e6 7.Qd2 Be7 8.O-O-O O-O
9.Nb3 Qb6 10.Be3 Qc7 11.f3 a6 12.Qf2 b5 13.g4 Rb8 14.Kb1 Ne5 15.g5 Nfd7  1/2-1/2

[Event "Ciocaltea mem"]
[Site "Bucharest"]
[Date "1994.??.??"]
[Round "3"]
[White "Brodsky, Michail"]
[Black "Maiwald, Jens Uwe"]
[Result "1-0"]
[WhiteElo "2500"]
[BlackElo "2490"]

1.e4 c5 2.Nf3 d6 3.d4 cxd4 4.Nxd4 Nf6 5.Nc3 Nc6 6.Bg5 e6 7.Qd2 a6 8.O-O-O h6
9.Be3 Bd7 10.f4 Be7 11.Kb1 b5 12.Bd3 O-O 13.h3 Nxd4 14.Bxd4 Bc6 15.Qe3 Qc7
16.e5 dxe5 17.Bxe5 Qb7 18.Rhg1 Rad8 19.g4 b4 20.Bxf6 Bxf6 21.Ne2 Qc7 22.g5 hxg5
23.fxg5 Qe5 24.Qc1 Be7 25.Rde1 Qc5 26.g6 Bh4 27.Ng3 Bd5 28.Ne4 Qa5 29.b3 f5
30.Ng5 Rf6 31.Nh7 Qc7 32.Ref1 Rxg6 33.Rxg6 Kxh7 34.Rfg1 Bf6 35.Rxf6 gxf6
36.Qe1 Qf4 37.Bxf5+ Kh8 38.Rg4  1-0

[Event "Ciocaltea mem"]
[Site "Bucharest"]
[Date "1994.??.??"]
[Round "7"]
[White "Moldovan, Daniel"]
[Black "Nevednichy, Vladislav"]
[Result "1/2-1/2"]
[WhiteElo "2405"]
[BlackElo "2480"]

1.e4 c5 2.Nf3 Nc6 3.d4 cxd4 4.Nxd4 Nf6 5.Nc3 d6 6.Bg5 e6 7.Qd2 a6 8.O-O-O h6
9.Bf4 Bd7 10.Nxc6 Bxc6 11.f3 d5 12.Qe1 Bb4 13.a3 Ba5 14.Bd2 Rc8 15.Kb1 d4
16.Nd5 Bxd2 17.Nxf6+ Qxf6 18.Qxd2 e5 19.Bd3 O-O 20.Rhf1 Bd7 21.f4 Be6 22.g3 Rc6
23.fxe5 Qxe5 24.Qf4 f6 25.Qxe5 fxe5 26.Rxf8+ Kxf8 27.Rf1+ Ke7 28.Kc1  1/2-1/2

[Event "Budapest Spring op"]
[Site "Budapest"]
[Date "1994.??.??"]
[Round "1"]
[White "Bolehradski, Jovica"]
[Black "Khasin, Alexander"]
[Result "0-1"]
[WhiteElo "2175"]
[BlackElo "2460"]

1.e4 c5 2.Nf3 Nc6 3.d4 cxd4 4.Nxd4 Nf6 5.Nc3 d6 6.Bg5 e6 7.Qd2 a6 8.O-O-O h6
9.Bf4 Bd7 10.Nxc6 Bxc6 11.Bxd6 Bxd6 12.Qxd6 Qxd6 13.Rxd6 Bxe4 14.Rd2 Bc6
15.f3 Ke7 16.Bd3 g5 17.Re1 Rac8 18.Rf2 Rhd8 19.g3 Rd4 20.Ne2 Rd6 21.Nc3 b5
22.a3 Rd4 23.Ne2 Rd7 24.Nc3 Nd5 25.Nxd5+ Rxd5 26.Be4 Re5 27.Rfe2 f5 28.Bxc6 Rxe2
29.Rxe2 Rxc6 30.Rd2 h5 31.Kd1 e5 32.Rd5 Rd6 33.Rxd6 Kxd6 34.Kd2 g4 35.Ke3 Kd5
36.fxg4 hxg4 37.Kd3 a5 38.Ke3 Kc4 39.Ke2 Kd4 40.Kd2 a4 41.Ke2 Ke4 42.Kf2 f4
43.gxf4 exf4 44.Ke2 f3+ 45.Kf2 Kf4 46.b3 b4  0-1

[Event "Budapest FS12 IM"]
[Site "Budapest"]
[Date "1994.??.??"]
[Round "1"]
[White "Lengyel, Bela"]
[Black "Slavina, Irina"]
[Result "1-0"]
[WhiteElo "2320"]
[BlackElo "2120"]

1.e4 c5 2.Nf3 Nc6 3.d4 cxd4 4.Nxd4 Nf6 5.Nc3 d6 6.Bg5 e6 7.Bb5 Bd7 8.O-O Be7
9.Nb3 O-O 10.Bxf6 Bxf6 11.Qxd6 Qb6 12.a4 Bxc3 13.bxc3 a6 14.Bd3 Rfd8 15.a5 Qa7
16.Qc5 Rac8 17.Qh5 Ne7 18.c4 Nc6 19.e5 g6 20.Qg5 Nb4 21.Rfe1 Bc6 22.Re3 Rd7
23.Rh3 Rf8 24.Qh4 f5 25.exf6 Nxd3 26.cxd3 b5 27.Re3 bxc4 28.dxc4 Ba4 29.Qe4 Rxf6
30.Qe5 Kf7 31.Nc5 Rd2 32.Ne4 Rf5 33.Nd6+ Rxd6 34.Qxd6 Bd7 35.g4 Rf6 36.Rb1 g5
37.Rb8 Be8 38.Qb6 Qe7 39.Rb7 Bd7 40.Rd3  1-0

[Event "Budapest FS06 IM-A"]
[Site "Budapest"]
[Date "1994.??.??"]
[Round "2"]
[White "Payen, Arnaud"]
[Black "Pikler, Tamas"]
[Result "1-0"]
[WhiteElo "2300"]
[BlackElo "2210"]

1.e4 c5 2.Nf3 Nc6 3.d4 cxd4 4.Nxd4 Nf6 5.Nc3 d6 6.Bg5 e6 7.Qd2 Be7 8.O-O-O O-O
9.Nb3 Qb6 10.f3 Rd8 11.Kb1 Rd7 12.g4 Qd8 13.Bxf6 Bxf6 14.h4 Be7 15.g5 d5
16.exd5 Nb4 17.Bc4 a6 18.a3 b5 19.axb4 bxc4 20.Nc5 Bxc5 21.bxc5 Bb7 22.d6 Rc8
23.Na4 Bxf3 24.Qb4 Rb7 25.Nb6 Bxh1 26.Rxh1 Rc6 27.Rd1 Kf8 28.Rd4 Rcxb6 29.cxb6 Rxb6
30.Qc5 Rb8 31.d7+ Kg8 32.Qxc4 g6 33.Qxa6 Kg7 34.Qa7  1-0

[Event "Budapest FS05 IM"]
[Site "Budapest"]
[Date "1994.??.??"]
[Round "3"]
[White "Csoke, Adrienn"]
[Black "Sziebert, Adam"]
[Result "1/2-1/2"]
[WhiteElo "2200"]
[BlackElo "2260"]

1.e4 c5 2.Nf3 d6 3.d4 cxd4 4.Nxd4 Nf6 5.Nc3 Nc6 6.Bg5 e6 7.Qd2 a6 8.O-O-O h6
9.Bf4 Bd7 10.Nxc6 Bxc6 11.f3 d5 12.Qe1 Bb4 13.a3 Ba5 14.Bd2 Rc8 15.e5 Nd7
16.Kb1 Bc7 17.f4 O-O 18.Be3 f6 19.exf6 Qxf6 20.g3 Bb6 21.Bxb6 Nxb6 22.Bd3 Be8
23.g4 Bd7 24.Rf1 Nc4 25.h4 Nxa3+ 26.Kc1 Nb5 27.g5 Qd8 28.Nxb5 axb5 29.gxh6 Qf6
30.hxg7 Rf7 31.Rg1 Ra8 32.Kb1 Qxf4 33.Qe2 Qh6 34.Rg5 Rxg7 35.Rdg1 Rxg5 36.Rxg5+ Kf7
37.Qf2+ Ke7 38.Qc5+ Kf7 39.Qc7 Ke7 40.Bxb5 Rd8 41.Rg1 b6 42.h5 Qh8 43.Bxd7 Rxd7
44.Qxb6 Qf6 45.Qc5+ Rd6 46.b4 d4 47.Rg6 Qf1+ 48.Kb2 Qe1 49.Rg7+ Kf8 50.Qxd6+ Kxg7
51.Qxd4+ e5 52.Qg4+ Kf7 53.h6 e4 54.h7 Qxb4+ 55.Kc1 Qa3+ 56.Kd1 Qd6+ 57.Ke1 Qb4+
58.Kf2 e3+ 59.Kf3 Qxg4+ 60.Kxg4 e2 61.h8=Q e1=Q 62.Qh7+ Ke6  1/2-1/2

[Event "Budapest FS04 GM"]
[Site "Budapest"]
[Date "1994.??.??"]
[Round "3"]
[White "Lengyel, Bela"]
[Black "Grosar, Aljosa"]
[Result "1/2-1/2"]
[WhiteElo "2345"]
[BlackElo "2435"]

1.e4 c5 2.Nf3 d6 3.d4 cxd4 4.Nxd4 Nf6 5.Nc3 Nc6 6.Bg5 e6 7.Bb5 Bd7 8.O-O Be7
9.Nb3 Qc7 10.a4 a6 11.Be2 O-O 12.Qd2 h6 13.Bf4 Ne5 14.Rad1 Rfd8 15.Qe3 Be8
16.Nd4 Nc4 17.Qg3 Nxb2 18.Bxh6 Bf8 19.Rb1 Nxa4 20.Nxa4 Bxa4 21.Bd3 Be8 22.Bg5 Be7
23.Qh4 b5 24.Rfe1 Ra7 25.Qh3 Bd7 26.Nf3 e5 27.Qh4 Be6 28.Be3 Nh7 29.Qg3 Raa8
30.h4 Rdb8 31.Ng5 Nxg5 32.hxg5 g6 33.Qh4 d5 34.g3 Qc6 35.Bd2 Bf8 36.exd5 Bxd5
37.Rxe5 Re8 38.Rbe1 Bg7 39.Rxe8+ Rxe8 40.Rxe8+ Qxe8 41.Qf4 Qd7 42.f3 Bc6
43.Kg2 Qd5 44.Bb4 Be5 45.Qg4 Kg7 46.Be2 Qd4 47.Qxd4 Bxd4 48.Kh3 Bb6 49.c4 bxc4
50.Bxc4 a5 51.Bc3+ Kg8 52.f4 a4 53.g4 Be3 54.f5 Bd7 55.fxg6 Be6 56.gxf7+ Bxf7
57.Bxf7+ Kxf7 58.Bb2 Bxg5 59.Kg3 Ke6 60.Kf3 Kd5 61.Ba3 Kd4 62.Bf8 Kd3 63.Bd6 Kd4
64.Bf8 Kd5 65.Ba3 Kc4 66.Ke4 Kb3 67.Bf8 Bd2 68.Kf5 Bb4 69.Bxb4 Kxb4 70.g5 a3
71.g6 a2 72.g7 a1=Q 73.g8=Q  1/2-1/2

[Event "Budapest FS11 IM-B"]
[Site "Budapest"]
[Date "1994.??.??"]
[Round "5"]
[White "Zouheir, Issam"]
[Black "Obodchuk, Andrei"]
[Result "0-1"]
[WhiteElo "2260"]
[BlackElo "2440"]

1.e4 c5 2.Nf3 Nc6 3.d4 cxd4 4.Nxd4 Nf6 5.Nc3 d6 6.Bg5 Bd7 7.Qd2 Rc8 8.Be2 a6
9.O-O e6 10.Kh1 Be7 11.f4 O-O 12.Rad1 Qc7 13.Nf3 Rfd8 14.a3 Be8 15.Bd3 d5
16.Bxf6 Bxf6 17.e5 Be7 18.Qf2 g6 19.Qg3 Qb6 20.h4 Qxb2 21.Na4 Qxa3 22.Ra1 Qb4
23.Rfb1 Qa5 24.Nb6 Qc3 25.Na4 Qa5 26.Nb6 Qc5 27.Nxc8 Rxc8 28.Rxb7 Nb4 29.Qe1 Bc6
30.Rxb4 Qxb4 31.Qxb4 Bxb4 32.Rxa6 Bc5 33.Kh2 Bb7 34.Ra5 Be3 35.Kg3 Bc6 36.Ne1 Kg7
37.Nf3 Rb8 38.Ra6 Be8 39.Nh2 Rb4 40.Ng4 Bxf4+ 41.Kf3 Ba4 42.g3 Bd2 43.Ra8 Bc3
44.h5 gxh5 45.Nf6 Bxe5 46.Nxh5+ Kh6 47.g4 Bb5 48.Bxb5 Rxb5 49.Rf8 Rb7 50.Rg8 Rc7
51.Nf4 Bxf4 52.Kxf4 Rxc2 53.g5+ Kh5 54.Rg7 Rf2+ 55.Kg3 Rf5  0-1

[Event "Budapest FS07 GM"]
[Site "Budapest"]
[Date "1994.??.??"]
[Round "6"]
[White "Almasi, Istvan"]
[Black "Csom, Istvan"]
[Result "1/2-1/2"]
[WhiteElo "2370"]
[BlackElo "2410"]

1.e4 c5 2.Nf3 d6 3.d4 cxd4 4.Nxd4 Nf6 5.Nc3 Nc6 6.Bg5 e6 7.Qd2 a6 8.O-O-O h6
9.Bh4 Nxe4 10.Qf4 Ng5 11.Nxc6 bxc6 12.Qa4 Qb6 13.f4 Nh7 14.f5 Rb8 15.fxe6 Bxe6
16.Bc4 Be7 17.Bxe6 fxe6 18.Bxe7 Kxe7 19.Qg4 Qe3+ 20.Rd2 Ng5 21.Nd1 Qe4  1/2-1/2

[Event "Budapest Spring op"]
[Site "Budapest"]
[Date "1994.??.??"]
[Round "7"]
[White "Mihalko, Jozsef"]
[Black "Videki, Sandor"]
[Result "0-1"]
[WhiteElo "2290"]
[BlackElo "2405"]

1.e4 c5 2.Nf3 d6 3.d4 cxd4 4.Nxd4 Nf6 5.Nc3 Nc6 6.Bg5 Bd7 7.Qd2 Rc8 8.O-O-O Nxd4
9.Qxd4 Qa5 10.Be3 a6 11.f3 Be6 12.Qb6 Qxb6 13.Bxb6 g6 14.Nd5 Bxd5 15.exd5 Bg7
16.g3 Nd7 17.Bd4 Bxd4 18.Rxd4 Nf6 19.Kd2 Rc5 20.c4 O-O 21.Bd3 Rd8 22.b4 Rc7
23.a4 a5 24.bxa5 Ra8 25.Rb1 Rxa5 26.Bc2 Nd7 27.Rb5 Ra8 28.Kc3 Rac8 29.f4 Nc5
30.Ra5 Kf8 31.Bd1 Rd8 32.Bc2 e6 33.dxe6 fxe6 34.Rb5 Ke7 35.Kb4 Rdc8 36.Bd1 Rf8
37.Rb6 Rc6 38.Rb5 Ra6 39.Bc2 b6 40.Rd1 Kd7 41.Ra1 Kc6 42.a5 Rfa8 43.Ra3 bxa5+
44.Raxa5 Rxa5 45.Rxa5 Rxa5 46.Kxa5 d5 47.cxd5+ Kxd5 48.Kb5 Ne4 49.Bb3+ Kd6
50.Bc2 Nf6 51.Kc4 Ng4 52.h3 Nf6 53.g4 Nd5 54.f5 Ne3+ 55.Kc3 gxf5 56.gxf5 Nxc2
57.Kxc2 exf5 58.Kd3 Kd5 59.h4 Ke5 60.Ke3 f4+ 61.Kf2 Kf5 62.h5 h6 63.Kf3 Kg5  0-1

[Event "Budapest Spring op"]
[Site "Budapest"]
[Date "1994.??.??"]
[Round "7"]
[White "Svicevic, Rastko"]
[Black "Schoen, Wolfram"]
[Result "0-1"]
[WhiteElo "2270"]
[BlackElo "2390"]

1.e4 c5 2.Nf3 Nc6 3.d4 cxd4 4.Nxd4 Nf6 5.Nc3 d6 6.Bg5 e6 7.Bb5 Bd7 8.Bxc6 bxc6
9.Qf3 h6 10.Bh4 e5 11.Nf5 Bxf5 12.Bxf6 Qxf6 13.Qxf5 Qxf5 14.exf5 d5 15.O-O Bb4
16.Ne2 Ke7 17.g4 h5 18.g5 f6 19.f4 Bd6 20.Rae1 Kd7 21.h4 Rab8 22.b3 Rb4 23.c3 Re4
24.Kg2 c5 25.c4 exf4 26.Nc3 f3+ 27.Kxf3 Rf4+ 28.Ke2 Re8+ 29.Kd1 Rxe1+ 30.Rxe1 dxc4
31.gxf6 gxf6 32.Re4 cxb3 33.axb3 Rf3 34.Nb5 Rxb3 35.Nxd6 Rd3+ 36.Ke2 Rxd6
37.Ra4 a6 38.Ke3 Rc6 39.Re4 c4 40.Kd2 c3+ 41.Kc2 a5 42.Rd4+ Kc7 43.Re4 Kb6
44.Re8 Kb5 45.Rh8 a4 46.Rb8+ Kc4 47.Ra8 Kd4 48.Rxa4+ Ke5 49.Ra8 Kxf5 50.Rg8 Rc4
51.Rg7 Kf4 52.Rg6 Kf5 53.Rg7 Rc6 54.Rg8 Kf4 55.Rg6 Kf3 56.Kd1 c2+ 57.Kc1 Rc4
58.Rxf6+ Kg4 59.Rg6+ Kxh4 60.Rg1 Rc5 61.Rg2 Kh3 62.Rg8 h4 63.Rg1 Kh2 64.Rg4 h3
65.Rg8 Rc3 66.Rd8 Kg2 67.Rd2+ Kg1 68.Rd8 h2 69.Rg8+ Kf2 70.Rf8+ Kg2 71.Rg8+ Rg3  0-1

[Event "Budapest FS06 IM-A"]
[Site "Budapest"]
[Date "1994.??.??"]
[Round "7"]
[White "Pikler, Tamas"]
[Black "Sziebert, Adam"]
[Result "0-1"]
[WhiteElo "2210"]
[BlackElo "2260"]

1.e4 c5 2.Nf3 Nc6 3.d4 cxd4 4.Nxd4 Nf6 5.Nc3 d6 6.Bg5 e6 7.Qd2 a6 8.O-O-O h6
9.Be3 Qc7 10.f4 b5 11.e5 Nxd4 12.Qxd4 dxe5 13.Bxb5+ axb5 14.Nxb5 exd4 15.Nxc7+ Ke7
16.Bxd4 Ra5 17.Bc3 Ra4 18.b3 Rxf4 19.Rhe1 Bb7 20.g3 Rg4 21.h3 Re4 22.Bb2 Nd7
23.Rxe4 Bxe4 24.a4 Kd8 25.Nb5 Bc6 26.c4 Bxb5 27.cxb5 Kc7 28.a5 Bd6 29.Bxg7 Rb8
30.b6+ Kc6 31.Bxh6 Bxg3 32.b4 Ne5 33.Kc2 Kb5 34.Kb3 Nc6 35.Rf1 f5 36.Bd2 Bd6
37.Re1 e5 38.Bc3 Re8 39.Rd1 Bxb4 40.Rd5+ Bc5 41.b7 f4 42.Bxe5 f3 43.Bd6 Nxa5+
44.Kc2 Nxb7 45.Bxc5 Nxc5 46.Rf5 Re3 47.Kd2 Ra3 48.Re5 Kc4 49.Re3 f2  0-1

[Event "Budapest FS03 IM-A"]
[Site "Budapest"]
[Date "1994.??.??"]
[Round "7"]
[White "Krizsany, Laszlo"]
[Black "Varga, Peter"]
[Result "1/2-1/2"]
[WhiteElo "2385"]
[BlackElo "2330"]

1.e4 c5 2.Nf3 d6 3.d4 cxd4 4.Nxd4 Nf6 5.Nc3 Nc6 6.Bg5 e6 7.Qd2 a6 8.O-O-O h6
9.Bf4 d5 10.exd5 exd5 11.Nxc6 bxc6 12.Bd3 Be7 13.Rhe1 O-O  1/2-1/2

[Event "Budapest FS08 IM"]
[Site "Budapest"]
[Date "1994.??.??"]
[Round "8"]
[White "Joecks, Christian"]
[Black "Hjelm, Niclas"]
[Result "0-1"]
[WhiteElo "2340"]
[BlackElo "2375"]

1.e4 c5 2.Nf3 d6 3.d4 cxd4 4.Nxd4 Nf6 5.Nc3 Nc6 6.Bg5 e6 7.Qd2 a6 8.O-O-O h6
9.Be3 Be7 10.f4 Nxd4 11.Qxd4 Qc7 12.Be2 O-O 13.g4 e5 14.Qd2 Bxg4 15.Bxg4 Nxg4
16.Nd5 Qd7 17.Kb1 Nxe3 18.Qxe3 exf4 19.Qxf4 Rae8 20.h4 Kh8 21.Rhg1 Bd8 22.Ne3 Qe6
23.Rg4 Bf6 24.Rxd6 Qe5 25.Qxe5 Rxe5 26.Nd5 Rd8 27.Rxd8+ Bxd8 28.c4 Rh5 29.Rf4 Kg8
30.Rf3 Rxh4 31.Rb3 Rxe4 32.Rxb7 Bh4 33.c5 Bg3 34.c6 Rc4 35.b4 h5 36.Ne7+ Kh7
37.Nf5 Be5 38.Re7 Bf6 39.Rd7 Rxb4+ 40.Kc2 Rc4+  0-1

[Event "Budapest FS12 GM"]
[Site "Budapest"]
[Date "1994.??.??"]
[Round "8"]
[White "Anka, Emil"]
[Black "Sherbakov, Ruslan"]
[Result "1/2-1/2"]
[WhiteElo "2380"]
[BlackElo "2510"]

1.e4 c5 2.Nf3 Nc6 3.d4 cxd4 4.Nxd4 Nf6 5.Nc3 d6 6.Bg5 e6 7.Qd2 a6 8.O-O-O Bd7
9.f4 b5 10.Nxc6 Bxc6 11.Qe1 Be7 12.e5 Nd5 13.Bxe7 Qxe7 14.Nxd5 Bxd5 15.Kb1 O-O
16.Bd3 Rad8 17.Rf1 dxe5 18.Qxe5 Rd7 19.g3 Rfd8 20.b3 Rd6 21.Be2 Qc7 22.Rd3 Rc8
23.Rc1 f6 24.Qe3 Rc6 25.c3 a5 26.Bf3 Bxf3 27.Qxf3 a4 28.b4 Rc4 29.a3 f5 30.Rcd1 Qe7
31.Re1 h6 32.Kc2 R8c6 33.Re5 Kh7 34.Rxb5 Re4 35.Re5 Rcc4 36.Re3 Qb7 37.R5xe4 fxe4
38.Qd1 Qb6 39.Qd2 Qb5 40.Qd6 Qh5 41.Qd2 Qf5 42.Re2 Kh8 43.Qe3 e5 44.Rd2 Qe6
45.Rd8+ Kh7 46.fxe5 Qxe5 47.Rd4 Qe6 48.Kd2 Rxd4+ 49.Qxd4 Qa2+ 50.Ke3 Qxa3
51.Qxe4+ Kh8 52.Qc2 Qa1 53.Kd2  1/2-1/2